Máquinas eléctricas (Registro nro. 32879)

Detalles MARC
000 -LEADER
fixed length control field 00892nam a22002417a 4500
005 - DATE AND TIME OF LATEST TRANSACTION
control field 20230111085135.0
008 - FIXED-LENGTH DATA ELEMENTS--GENERAL INFORMATION
fixed length control field 120823t mx ||||| |||| 00| 0 spa d
020 ## - INTERNATIONAL STANDARD BOOK NUMBER
International Standard Book Number 9701049470
020 ## - INTERNATIONAL STANDARD BOOK NUMBER
International Standard Book Number 9789701049471
050 04 - LIBRARY OF CONGRESS CALL NUMBER
Classification number TK2000
Item number C37 2005
100 1# - MAIN ENTRY--PERSONAL NAME
Personal name Chapman, Stephen J.
240 10 - UNIFORM TITLE
Uniform title Electric Machinery Fundalmentals.
Language of a work Español
245 10 - TITLE STATEMENT
Title Máquinas eléctricas
Statement of responsibility, etc / Stephen J. Chapman ; traducción Carla de Robina Cordera ; revisión técnica Luis Muro Ortega González.
250 ## - EDITION STATEMENT
Edition statement 4a ed.
260 ## - PUBLICATION, DISTRIBUTION, ETC. (IMPRINT)
Place of publication, distribution, etc México:
Name of publisher, distributor, etc McGraw-Hill Interamericana Editores,
Date of publication, distribution, etc 2005
300 ## - PHYSICAL DESCRIPTION
Extent xxii, 746 p. :
Other physical details il. ;
Dimensions 24 cm.
504 ## - BIBLIOGRAPHY, ETC. NOTE
Bibliography, etc Incluye apéndices, bibliografía e índice
650 #7 - SUBJECT ADDED ENTRY--TOPICAL TERM
Source of heading or term lemb
Topical term or geographic name as entry element Máquinaria eléctrica
650 #7 - SUBJECT ADDED ENTRY--TOPICAL TERM
Source of heading or term lemb
Topical term or geographic name as entry element Máquinas eléctricas
700 1# - ADDED ENTRY--PERSONAL NAME
Personal name Robina Cordera de, Carla,
Relator term traductor
700 1# - ADDED ENTRY--PERSONAL NAME
Personal name Ortega González, Luis Muro,
Relator term revisor
942 ## - ADDED ENTRY ELEMENTS (KOHA)
Source of classification or shelving scheme Biblioteca del Cogreso de los Estados Unidos
Koha item type Libro
Existencias
Estado de pérdida Fuente de clasificación Estado del daño No para préstamo Ubicación permanente Ubicación actual Apartado o colección Fecha de adquisición Edición Enumeración de Serie / Cronológica Área del conocimiento Clasificación Código de Barras Date last seen Número de copia Costo por reposición Tipo de recurso Total Checkouts
  Biblioteca del Cogreso de los Estados Unidos     Biblioteca de la Unidad de Ciencias Ingeniería y Humanidades Biblioteca de la Unidad de Ciencias Ingeniería y Humanidades General 23/08/2012 4a ed. BCU000000287 Ingeniería y Tecnología TK2000 C37 2005 BCU000000287 16/01/2015 1 1.00 Libro  
  Biblioteca del Cogreso de los Estados Unidos     Biblioteca de la Unidad de Ciencias Ingeniería y Humanidades Biblioteca de la Unidad de Ciencias Ingeniería y Humanidades General 23/08/2012 4a ed. BCU000000288 Ingeniería y Tecnología TK2000 C37 2005 BCU000000288 16/01/2015 2 1.00 Libro  
  Biblioteca del Cogreso de los Estados Unidos     Biblioteca de la Unidad de Ciencias Ingeniería y Humanidades Biblioteca de la Unidad de Ciencias Ingeniería y Humanidades General 23/08/2012 4a ed. BCU000000289 Ingeniería y Tecnología TK2000 C37 2005 BCU000000289 16/01/2015 3 1.00 Libro  
  Biblioteca del Cogreso de los Estados Unidos     Biblioteca de la Unidad de Ciencias Ingeniería y Humanidades Biblioteca de la Unidad de Ciencias Ingeniería y Humanidades General 11/01/2023 4a ed. BCU000000289 Ingeniería y Tecnología TK2000 C37 2005 BCU000021192 11/01/2023 4 1.00 Libro  
  Biblioteca del Cogreso de los Estados Unidos     Biblioteca de la Unidad de Ciencias Ingeniería y Humanidades Biblioteca de la Unidad de Ciencias Ingeniería y Humanidades General 11/01/2023 4a ed. BCU000000289 Ingeniería y Tecnología TK2000 C37 2005 BCU000021193 11/01/2023 5 1.00 Libro